Vodcovská úloha vrcholového vedenia podniku v zložitom a dynamickom podnikateľskom prostredí dizertačná práca

Saved in:
Bibliographic Details
Main Author: Ljudvigová, Ivana
Corporate Author: Fakulta podnikového manažmentu EU. Katedra manažmentu
Other Authors: Slávik, Štefan, 1955-
Format: Book
Language:Slovak
Published: Bratislava 2012
Subjects:
Tags: Add Tag
No Tags, Be the first to tag this record!

MARC

LEADER 00000nbm a2200000 4500
001 0161239
005 20240502072810.9
041 0 |a slo 
044 |a SK 
245 1 0 |a Vodcovská úloha vrcholového vedenia podniku v zložitom a dynamickom podnikateľskom prostredí  |b dizertačná práca  |c Ivana Ljudvigová ; školiteľ: Štefan Slávik 
264 1 |a Bratislava  |c 2012 
300 |a 253 s. 
610 2 0 |a vedenie podniku 
610 2 0 |a vodcovstvo 
610 2 0 |a podnikanie 
100 1 |a Ljudvigová, Ivana 
700 1 |a Slávik, Štefan, 1955- 
710 2 |a Fakulta podnikového manažmentu EU. Katedra manažmentu